| 000 | 00429nam a2200157Ia 4500 | ||
|---|---|---|---|
| 008 | 241206s9999||||xx |||||||||||||| ||und|| | ||
| 020 |
_a9780760010709 _c0 |
||
| 040 |
_beng _cSSK Library _erda |
||
| 082 | _a005.133/FAR | ||
| 100 | _a Joyce Farrel | ||
| 245 | 0 | _aJava Programming: Comprehensive | |
| 260 |
_b Course Technology _c©1999 |
||
| 942 |
_2Dewey Decimal Classification _cBOOK _nNo |
||
| 999 |
_c18133 _d18133 |
||
| 003 | OSt | ||
| 005 | 20241206223324.0 | ||